| Tag |
First Indicator |
Second Indicator |
Subfields |
| LEADER |
00000cam a2200000 i 4500 |
| 001 |
in00000022378 |
| 005 |
20151007063952.0 |
| 008 |
770301s1955 enkac 00010 eng d |
| 035 |
|
|
|a (OCoLC)02768164
|
| 035 |
|
|
|9 AAD8730AM
|
| 040 |
|
|
|a VRC
|c VRC
|d TXA
|d UtOrBLW
|
| 049 |
|
|
|a TXAM
|c [291803]
|
| 090 |
|
|
|a PR2807
|b .M37 1955
|
| 092 |
|
|
|a 822.33
|b GM272, 1955
|
| 100 |
1 |
|
|a Mander, Raymond.
|
| 245 |
1 |
0 |
|a Hamlet through the ages :
|b a pictorial record from 1709 /
|c compiled by Raymond Mander & Joe Mitchenson. Edited with an introd. by Herbert Marshall.
|
| 264 |
|
1 |
|a London :
|b Rockliff,
|c [1955]
|
| 300 |
|
|
|a xvii, 158 pages :
|b illustrations, portraits ;
|c 26 cm.
|
| 336 |
|
|
|a text
|b txt
|2 rdacontent
|
| 337 |
|
|
|a unmediated
|b n
|2 rdamedia
|
| 338 |
|
|
|a volume
|b nc
|2 rdacarrier
|
| 500 |
|
|
|a 2d edition, revised and enl.
|
| 600 |
1 |
0 |
|a Shakespeare, William,
|d 1564-1616
|x Stage history.
|
| 600 |
1 |
0 |
|a Shakespeare, William,
|d 1564-1616.
|t Hamlet.
|
| 999 |
|
|
|a MARS
|
| 999 |
f |
f |
|s 34e1270f-4265-3ddb-863f-a4859276c11f
|i 59aadd6c-15ed-3473-b3f9-7e4d9261d6a3
|t 0
|
| 952 |
f |
f |
|p normal
|a Texas A&M University
|b College Station
|c Sterling C. Evans Library
|d Evans: Library Stacks
|t 0
|e PR2807 .M37 1955
|h Library of Congress classification
|i unmediated -- volume
|m A14801308181
|
| 998 |
f |
f |
|a PR2807 .M37 1955
|t 0
|l Evans: Library Stacks
|